000 01110nam a22002537a 4500
999 _c2280
_d2280
003 AR-CdUCM
008 190304b ||||| |||| 00| 0 spa d
040 _aMUNICIPALIDAD PROVINCIAL DEL CUSCO
_cBIBLIOTECA MUNICIPAL DEL CUSCO
082 _a985.312 /
_bP18
100 _aPajuelo Prieto, Rómulo
_98230
245 _aCaraz Dulzura /
260 _aCaraz :
_bConsejo Nacional de Ciencia y Tecnología :
_b[Talleres Gráficos de Litografía "Bonilla",
_c1990.
300 _a145 páginas ;
_bilustraciones, fotografías, mapas ;
_c20.5 cm.
505 _aContenido: Provincia de Huaylas -- Referencias generales -- Referencias históricas -- Caraz dulzura -- Panorama geográfico -- Panorama Productivo -- Panorama económico ...
650 _aCaraz -Huaylas - Perú
_98231
650 _aCaraz - Historia
_98232
650 _aCaraz - Geografía
_98233
650 _aCaraz - Aspectos sociales
_98234
650 _aCaraz - Aspectos económicos
_98235
650 _aCaraz - Aspectos Políticos
_98236
650 _aCaraz - Administración pública
_98237
942 _2ddc
_cLIBROS
945 _alccs
_d2019-03-04